Actas de la Comisión Mista de Senadores i Diputados sobre el proyecto de Código de Procedimiento Penal

Zapisane w:
Opis bibliograficzny
Format: Książka
Język:hiszpański
Wydane: Santiago Cervantes 1902
Hasła przedmiotowe:
Etykiety: Dodaj etykietę
Nie ma etykietki, Dołącz pierwszą etykiete!

MARC

LEADER 00000nam a2200000 a 4500
001 UCR1207
003 CL-VaPUC
008 971212e19020000CL |||||||||||||||||spa|d
082 0 4 |a 345.05  |b ACT  |2 21 
245 1 0 |a Actas de la Comisión Mista de Senadores i Diputados sobre el proyecto de Código de Procedimiento Penal 
300 |a 498 p 
942 |c BK 
945 |d 19971212 00:00:00  |a cmena 
260 |a Santiago  |b Cervantes  |c 1902 
650 0 |a Código penal  |9 255935 
650 0 |a Delitos  |9 224143 
650 7 |a DERECHO CHILENO  |2 CL-VaPUC  |9 398143 
650 7 |a CRIMINALES  |2 CL-VaPUC  |9 322996 
650 0 |a Delincuencia  |9 335739 
650 0 |a Justicia   |9 255408 
651 7 |a CHILE  |2 CL-VaPUC  |9 398144 
583 |a last modification  |c 20151201 07:55:40  |k Rodrigo Vera 
999 |c 264684  |d 264682 
952 |0 0  |1 0  |2 ddc  |4 0  |5 1  |6 345_050000000000000_ACT_1902  |7 1  |8 C_LRYV  |9 295073  |a FDOBRV  |b BIBDER  |d 2019-11-19  |i 1921606  |o 345.05 ACT 1902  |p 1921606  |r 2023-01-25  |w 2019-11-19  |y BK_X  |k BRV 
952 |0 0  |1 0  |2 ddc  |4 0  |5 1  |6 345_050000000000000_ACT_1902  |7 1  |8 C_LRYV  |9 295074  |a FDOBRV  |b BIBDER  |d 2019-11-19  |i 1955810  |o 345.05 ACT 1902  |p 1955810  |r 2023-01-25  |w 2019-11-19  |y BK_X  |k BRV